Normal view MARC view
  • Ralph Pay and Taylor

Entry Corporate Name

Number of records used in: 1

001 - CONTROL NUMBER

  • control field: 5390

003 - CONTROL NUMBER IDENTIFIER

  • control field: SIRSI

005 - DATE AND TIME OF LATEST TRANSACTION

  • control field: 20190806150242.0

008 - FIXED-LENGTH DATA ELEMENTS

  • fixed length control field: 071015n| acannaabn |n ana d

040 ## - CATALOGING SOURCE

  • Original cataloging agency: OSt
  • Transcribing agency: OSt

110 2# - HEADING--CORPORATE NAME

  • Corporate name or jurisdiction name as entry element: Ralph Pay and Taylor

670 ## - SOURCE DATA FOUND

  • Source citation: Middlesex, Herts, Bucks, Hants and Dorset (borders), Suffolk, [1935]